000 03049nam a2200265Ia 4500
003 Ost
005 20260507074944.0
008 260507s9999||||xx |||||||||||||| ||und||
020 _a9773790461
040 _cfsecg
041 _aara
082 _a381.142
100 _aحجازي، عبد الفتاح بيومي
_eمؤلف
245 0 _aالتجارة عبر الانترنت /
_c عبد الفتاح بيومي حجازي
260 _aالاسكندرية:
_bدار الفكر الجامعي,
_c2007
300 _a387 صفحة؛
_bإيضاحات ؛
_c24 سم
504 _aبيبليوغرافيا ص.367
520 _aيتناول هذا الكتاب مايلي مقدمة عامة- القسم الاول : مشكلات فى التجارة الالكترونية عبر الانترنت : الفصل الاول : المستهلك فى نطاق التجارة الالكترونية : الفصل الثانى : تشفير البيانات والمعلومات فى نطاق التجارة الاليكترونية : المبحث الاول : التعريف بالتشفير : المبحث الثانى : طرق التشفير : الفصل الثالث : اسماء الدومين فى نطاق التجارة الاليكترونية : المبحث الأول : تسجيل العلامات التجارية وأسماء الدوميين : المبحث الثاني : شروط العلامات التجارية وكذلك أسماء الدوميين : الفصل الرابع : القانون الواجب التطبيق والمحكمة المختصة : المبحث الاول : مصادر القاعدة القانونية فى التجارة الدولية : المبحث الثاني : القانون الواجب التطبيق- القسم الثانى : تطبيق قانون المعاملات والتجارة الاليكترونية فى دولة الامارات العربية المتحدة : الفصل الاول : تعاريف ومصطلحات : الفصل الثانى : سريان القانون : الفصل الثالث : متطلبات المعاملات الاليكترونية : الفصل الرابع : المعاملات الاليكترونية فى نطاق التجارة الاليكترونية : الفصل الخامس : السجلات الاليكترونية المحمية : الفصل السادس : الاحكام المتصلة بالشهادات وخدمات التصديق : الفصل السابع : الاعتراف بالشهادات والتوقيعات الاليكترونية الاجنبية : الفصل الثامن : الاستخدام الحكومى للسجلات والتوقيعات الاليكترونية : الفصل التاسع : الحماية الجنائية للتجارة والمعاملات الاليكترونية فى القانون.
653 _aالانترنيت
653 _aالتجارة الالكترونية
653 _aالتجارة الخارجية
653 _aالتجارة عب الخط
653 _aانترنت
942 _cكتاب
999 _c41956
_d41956